| 000 | 00833cam a2200265 a 4500 | ||
|---|---|---|---|
| 001 | 478926 | ||
| 003 | NUST - PNEC | ||
| 005 | 20170116181147.0 | ||
| 008 | 840412s1984 enkbcf b 001 0 eng | ||
| 010 | _a 84008078 | ||
| 020 |
_a0571117961 _c$22.95 (U.S.) |
||
| 040 | _cLIBRARY | ||
| 043 | _aa-pk--- | ||
| 082 | _a954.912 | ||
| 100 | 1 |
_aSinger, André, _d1945- |
|
| 245 | 1 | 0 |
_aLords of the Khyber : _bthe story of the North-West Frontier / _cAndré Singer. |
| 260 |
_aLondon ; _aBoston : _bFaber and Faber, _cc.1984 |
||
| 300 |
_a234 p., [12] p. of plates : _bmap, ports. ; _c23 cm. |
||
| 500 | _aIncludes index. | ||
| 504 | _aBibliography: p. [222]-226. | ||
| 650 | 0 |
_aPushtuns _xHistory. |
|
| 651 | 0 |
_aKhyber Pakhtunkhwa (Pakistan) _xHistory. |
|
| 906 |
_a7 _bcbc _corignew _d1 _eocip _f19 _gy-gencatlg |
||
| 942 |
_2ddc _cBK |
||
| 999 |
_c70764 _d70764 |
||